La contratacin̤ bancaria

Detalles Bibliográficos
Autor principal: Sequeira, Adolfo
Otros Autores: Gadea, Enrique (Conductor), Sacristǹ, Fernando (Conductor)
Formato: Desconocido
Lenguaje:español
Publicado: Madrid : Dykinson, 2007
Materias:
Acceso en línea:Acceso restringido

MARC

LEADER 00000ny a22000003n 4500
005 20110622131138.0
006 m u
007 cr cn|||||||||
008 200807r2007 sp |||||s|||||||||||spa d
020 |a 9788498490701 
035 |a 2349 
040 |a FlNmELB  |c FlNmELB  |d vlex 
050 1 4 |a K1066  |b S479 2007eb 
080 |a 347.741 
090 |c 1231  |d 1231 
100 1 |a Sequeira, Adolfo 
245 1 3 |a La contratacin̤ bancaria   |h [Recurso electrn̤ico]  |c Adolfo Sequeira, Enrique Gadea, Fernando Sacristǹ 
256 |a Servicio en ln̕ea 
260 |a Madrid :  |b Dykinson,  |c 2007 
300 |a 7-1499 p 
506 1 |a Contenido solo disponible en los productos indicados  |d vLex Global  |d vLex Global (Academic Edition, excluding Law Schools)  |d vLex Global (U.S. Academic Edition, Law Schools)  |d vLex Global (U.S. Academic Edition, excluding Law Schools)  |d vLex Global (Academic Edition, Law Schools) 
650 0 4 |a Contratos bancarios 
650 0 4 |a Mercantil 
650 0 4 |a Contratos bancarios 
650 0 4 |a Juros remuneratorios 
700 1 |a Gadea, Enrique,   |e dir 
700 1 |a Sacristǹ, Fernando,   |e dir 
740 0 |a vLex Libros (Servicios en ln̕ea) 
856 |z Acceso restringido  |u http://vlex.com/source/contratacion-bancaria-2349 
942 |c BOOK